000
00300nam a2200109Ia 4500
008
200302s9999 xx 000 0 und d
100
_a
Sybil P. Parker
245
_a
Encyclopedia of the Geological Sciences 2nd ed.
260
_b
Mcgraw- hill International Book co.,
260
_c
1988
300
_a
722 P.,
999
_c
2014
_d
2014